000 00654nam a22002417a 4500
001 48994
003 UA-OsUOA
005 20191218122930.0
007 ta
008 20070913b un ||||| |||| 00| 0 ukr d
040 _aUA-OsUOA
_bukr
_cUA-OsUOA
_dUA-OsUOA
041 _aukr
080 _a821.161.2
090 _a821.161.2
_bЖ87
100 _aЖулинський М.
245 _aВідстані
260 _aК.
_bТаля
_c2006
_c2006
300 _a160 с.
650 7 _a82 Література. Літературознавство
_2UDC
942 _cBK
_2udc
955 _a3
999 _c335115
_d335115